Quiz Présidents de la République française. - Statistiques

Statistiques générales
  • Ce quiz a été pris 584 fois
    521 depuis la dernière actualisation
  • Le résultat moyen est 7 sur 10
Statistiques - réponses
Question Réponse % Correct
Lequel de ces présidents a été le plus jeune président élu? Emmanuel Macron
88%
Lequel de ces présidents n'a pas démissionné? Georges Pompidou
84%
Lequel de ces présidents n'a pas été président du conseil ou premier ministre? François Hollande
82%
Lequel de ces présidents a eu le plus long mandat, toutes républiques confondues? François Mitterrand
82%
Lequel de ces présidents a été assassiné? Paul Doumer
80%
Quel président avait le titre de prince? Louis-Napoléon Bonaparte
71%
Lequel de ces président n'est pas mort durant son mandat? Jules Grévy
65%
Lequel de ces présidents a eu le mandat le plus court, toutes républiques confondues? Jean-Casimir Perier
49%
Lequel de ces président a été élu deux fois? Jules Grévy
49%
Lequel de ces présidents a été le plus vieux président élu Adolphe Thiers
14%
Aucun quiz correspondant
Distribution des résultats
% des personnes avec chaque résultat
Percentile par nombre de réponses
Votre historique - résultats
Vous n’avez pas pris ce quiz depuis la dernière actualisation